Missing Word: Hot & Cold Songs Quiz Stats

Quiz Updated Mar 14, 2015

Challenge
Share
Tweet
Embed
Score 0/22 Timer 04:00
0 Plays Today
Title Word % Correct
Baby, It’s Cold _______Outside
92.3%
Cold as ___Ice
91.4%
Some ____ It HotLike
90.3%
___ N ColdHot
89.8%
Hot for _______Teacher
62.2%
___’s So ColdShe
60.4%
____ It Like It’s HotDrop
57.5%
Cold ___ in JulyDay
56.5%
Hot in _____Herre
55.8%
Hot _______Blooded
51.6%
__ ColdSo
49.7%
Title Word % Correct
Funky Cold ______Medina
48.3%
Hot _____Stuff
43%
Hot _____ in the CityChild
34.3%
Too Hot ta ____Trot
34.2%
Cold _______ [Snake]Hearted
31.6%
Hot ___ in the SummertimeFun
31.1%
Hot in the ____City
29.9%
_____ ColdStone
11.3%
Cold ______Turkey
10.5%
Hot _____Pants
9.3%
Cold _____Sweat
6.4%

Today's Daily Dose

Missing Word
Fruity Song Titles

Quick Pick
Double Blanks

On This Day
June 22nd II

You're not logged in!

Compare scores with friends on all Sporcle quizzes.
Join for Free
OR
Log In

You Might Also Like...

Show Comments

Extras

Top Quizzes Today


Score Distribution

Your Account Isn't Verified!

In order to create a playlist on Sporcle, you need to verify the email address you used during registration. Go to your Sporcle Settings to finish the process.

Report this User

Report this user for behavior that violates our Community Guidelines.

Details: